000
00316nam a2200133Ia 4500
008
240624s9999 xx 000 0 und d
041
_a
eng
082
_a
658.15 KAP
100
_a
KAPIL SHEEBA
245
_a
FINANCIAL MANAGEMENT
260
_c
2011
_a
New Delhi
_b
Pearson Education
300
_a
752 : p.
365
_c
RS
999
_c
17307
_d
17307